Manuel des stations Lonospheriques Ionospheric Station Manuals (Record no. 2073)

MARC details
000 -LEADER
fixed length control field 00655nam a2200193Ia 4500
003 - CONTROL NUMBER IDENTIFIER
control field IN-BaIIA
008 - FIXED-LENGTH DATA ELEMENTS--GENERAL INFORMATION
fixed length control field 211028s9999 xx 000 0 eng d
040 ## - CATALOGING SOURCE
Transcribing agency IIA Library
080 ## - UNIVERSAL DECIMAL CLASSIFICATION NUMBER
Universal Decimal Classification number 02.551.5505
Item number URS
245 #0 - TITLE STATEMENT
Title Manuel des stations Lonospheriques Ionospheric Station Manuals
Statement of responsibility, etc. edited by E. Herbays , N. J. G. Beynon, and G. M. Browin
260 ## - PUBLICATION, DISTRIBUTION, ETC.
Place of publication, distribution, etc. Bruxelles
Name of publisher, distributor, etc. Secretariat General De URSI
Date of publication, distribution, etc. 1988
650 ## - SUBJECT ADDED ENTRY--TOPICAL TERM
Topical term or geographic name entry element Astronomy and Astrophysics Thesaurus
650 ## - SUBJECT ADDED ENTRY--TOPICAL TERM
Topical term or geographic name entry element Ionospheric Stations
9 (RLIN) 3751
650 ## - SUBJECT ADDED ENTRY--TOPICAL TERM
Topical term or geographic name entry element Manuals
9 (RLIN) 3889
700 ## - ADDED ENTRY--PERSONAL NAME
Personal name Beynon, N. J. G. ed.
9 (RLIN) 3890
700 ## - ADDED ENTRY--PERSONAL NAME
Personal name Browin, G. M., ed.
9 (RLIN) 3891
700 ## - ADDED ENTRY--PERSONAL NAME
Personal name E. Herbays, ed.
9 (RLIN) 3892
942 ## - ADDED ENTRY ELEMENTS (KOHA)
Koha item type Books
Holdings
Withdrawn status Lost status Source of classification or shelving scheme Damaged status Not for loan Home library Current library Shelving location Date acquired Total Checkouts Full call number Barcode Date last seen Price effective from Koha item type Purchase Price
    Dewey Decimal Classification     IIA Library-Bangalore IIA Library-Kodaikanal General Stacks     02.551.5505/ URS 2322 05/11/2021   Books  

Powered by Koha